Регионална библиотека "Любен Каравелов" - Русе

Ежко Бежко Бодлидрешко (Запис номер 19244)

MARC детайли
000 -Лидер
Контролно поле с фиксирана дължина 01126nam a2200289 c 4500
003 - Код на организацията, давaща контролен номер
Контролно поле BLK
005 - Дата и час на последна редакция
Контролно поле 20240612131218.0
008 - Елементи от данни с фиксирана дължина
fixed length control field 180413b bul|||||r ||||||| ||bul||
010 ## - Наследен системен номер
LC control number KNG00021351000
020 ## - Международен стандартен номер на книга ISBN
Международен стандартен номер на книга ISBN 954-625-115-1
-- издат.: Фют
040 ## - Източник на каталожния запис
Идентификатор на билиотеката - собственик на записа BLK
041 ## - Код за език
Код за езика на текст/звукозапис или на отделно заглавие Български
Код за езика КДБФ Български
080 ## - УДК
Текстов определител УДК Българска литература
УДК код - определител по УДК 821.163.2
УДК определител -93-1
УДК - код + определител 821.163.2-93-1
139 ## - Редно поле
Редна дума Ежко Бежко Бодлидрешко
Авторски знак Еж - Е 35
245 10 - Сведения за заглавието
Заглавие Ежко Бежко Бодлидрешко
Подзаглавни данни Стихотворения и залъгалки за най-малките
250 ## - Област на изданието
Сведения за изданието [2. изд.]
260 ## - Област на издателските данни
-- София
Име на издателя, разпространителя и проч. Фют
Година на издаване 1998
300 ## - Физическа характеристика
Страници [24] с.
Илюстрации и др. с цв. ил.
Размери/Мащаб 22Х24 см
380 ## - Жанр
Жанр Детска худож. лит.
500 ## - Общи забележки
Забележка Деп. списък: 12 1. изд. 1995 ; 8 000 тир Място на печат: София Име на печатница: Д. Благоев-2
852 ## - Местоположение
Форматна сигнатура Цб 196259
856 4# - Електронен адрес и достъп
Електронен формат pdf - файл
Път до файла /url/
856 4# - Електронен адрес и достъп
Електронен формат pdf - файл
Път до файла /url/
942 ## - АРТИКУЛИ
Вид на библиотечния материал Книги
Скрит в OPAC Не
Koha issues (borrowed), all copies 8
944 ## - СЪЗДАВАНЕ И РЕДАКЦИЯ на ЗАПИСА
Създаване/Редакция Създаване
Дата на регистрацията/редакция 15.01.2003
Служител, извършил регистрацията/редакцията 30551
Статус, дата на статуса Бояна Костадинова
944 ## - СЪЗДАВАНЕ И РЕДАКЦИЯ на ЗАПИСА
Създаване/Редакция Редакция
Дата на регистрацията/редакция 14.07.2017
Служител, извършил регистрацията/редакцията Пенка_Димитрова
999 ## - СИСТЕМНИ КОНТРОЛНИ НОМЕРА
Koha biblionumber 19244
Koha biblioitemnumber 19244
Наличности
Код за отписване Код за изгубен артикул Източник на класификационната схема Код за повреда Коз за рестрикции Код за отдаване Артикулен № Име на библиотеката - собственик Име на библиотеката, в която се намира в момента Статус (Текущо местоположение) Дата на вписване в системата Местоположение - отдел Цена в лева Инвентарен номер Систематично азбучна сигнатура Баркод Номер на екземпляра Цена в евро Служебен тип на артикула Служебна бележка
  Не е изгубен Universal Decimal Classification Не е повреден без рестрикции ползва се в читалня 32109 Регионална библиотека "Любен Каравелов" Русе Регионална библиотека "Любен Каравелов" Русе Хранилище 2001-01-01 Хранилище 0.00 639525 Цб 196259 120000639525 1 0.00 Книги  
  Не е изгубен Universal Decimal Classification Не е повреден без рестрикции заемане за дома 32110 Регионална библиотека "Любен Каравелов" Русе Регионална библиотека "Любен Каравелов" Русе Детски отдел 2017-07-14 Детски отдел 1.90 120000813368 ДХ 886.7/Е 35 120000813368 2 0.97 Книги Дост: DA Вид: А N: 30 Дата: 14.07.2017
  Не е изгубен Universal Decimal Classification Не е повреден   заемане за дома 727874 Регионална библиотека "Любен Каравелов" Русе Регионална библиотека "Любен Каравелов" Русе Детски отдел 2019-07-04 Детски отдел 2.50 120000833091 ДХ 886.7/Е 35 120000833091   1.28 Книги  
Vip Innovations Ltd, Rousse, Bulgaria 2025